00811nam a2200241 a 45000010005000000030009000050080041000140200015000550400028000700820020000981000030001182450049001482600035001973000022002325000043002546500053002976500038003506500028003886500031004166500037004476500034004846500051005189994CO-ViMGA141112s2004 ck r 000 u spa d a8481852066 aCO-ViMGAbspacCO-ViMGA04aR698.3 A816 V.21 aAsencio Cerver, Francisco10aPintura de Muebles : bTratamiento de Madera aBarelona : bCopyright, c1990 a119p. : il. color aSolución a problemas de la madera. 14aALGUNAS NOCIONES SOBRE LOS INSECTOS DE LA MADERA14aCOMO ELIMINAR LA PUNTURA ANTERIOR14aCUBRIENTES Y COLORANTES14aDESPERFECTOS EN EL SOPORTE14aHERRAMIENTAS Y UTILES DE TRABAJO14aTECNICAS CON EFECTO DE MADERA14aTECNICAS PARA DISIMULAR DEFECTOS SUPERFICIALES